La ciudad del sol

Diálogo filosófico utópico sobre una ciudad ideal, y con esta un tipo de ser humano ideal. Junto a la de Tomás Moro, se considera una obra esencial del género de la utopía en la época de la modernidad. Describe la ciudad en la cima de una montaña con un templo circular consagrado al sol. Asimismo, e...

وصف كامل

محفوظ في:
التفاصيل البيبلوغرافية
المؤلف الرئيسي: Campanelle
التنسيق: كتاب
اللغة:Undetermined
منشور في: Madrid, España Aguilar 1979
الموضوعات:
الوسوم: إضافة وسم
لا توجد وسوم, كن أول من يضع وسما على هذه التسجيلة!

MARC

LEADER 00000nam a2200000Ia 4500
008 170316s9999 xx 000 0 und d
040 |a cru BVZT 
090 |a 100 C-7c 
100 |a Campanelle  |9 1999 
245 |a La ciudad del sol  |c / Campanelle 
260 |a Madrid, España  |b Aguilar  |c 1979 
300 |a 82 páginas 
520 |a Diálogo filosófico utópico sobre una ciudad ideal, y con esta un tipo de ser humano ideal. Junto a la de Tomás Moro, se considera una obra esencial del género de la utopía en la época de la modernidad. Describe la ciudad en la cima de una montaña con un templo circular consagrado al sol. Asimismo, el sistema de gobierno es de tipo espiritualista regido por Ho el Metafísico, nombre dado al Sol. Se presenta un sistema educativo basado en la filosofía de Tesalio: gramática filosófica y experiencia. El régimen económico-político es un comunismo radical donde todos comparten el espacio, el trabajo, la comida, los hijos, etc. Entre otras cuestiones que cristalizan una República al estilo platónico 
650 |a FILOSOFÍA  |9 5 
999 |c 15973  |d 15973 
942 |c 15 D  |h 100 C-7c  |2 z